<?xml version="1.0" encoding="UTF-8"?>
<record
    xmlns:xsi="http://www.w3.org/2001/XMLSchema-instance"
    xsi:schemaLocation="http://www.loc.gov/MARC21/slim http://www.loc.gov/standards/marcxml/schema/MARC21slim.xsd"
    xmlns="http://www.loc.gov/MARC21/slim">

  <leader>02361nam a2200241 a 4500</leader>
  <controlfield tag="001">000026735</controlfield>
  <controlfield tag="005">20250429110432.0</controlfield>
  <controlfield tag="008">110222s2000    dr abc        000 0 spa d</controlfield>
  <datafield tag="040" ind1=" " ind2=" ">
    <subfield code="a">DO-SdBNP</subfield>
    <subfield code="b">spa</subfield>
    <subfield code="c">BNPHU</subfield>
  </datafield>
  <datafield tag="082" ind1=" " ind2=" ">
    <subfield code="a">901.9</subfield>
    <subfield code="b">C719h</subfield>
  </datafield>
  <datafield tag="100" ind1="1" ind2=" ">
    <subfield code="a">Col&#xF3;n, Juan</subfield>
    <subfield code="d">1962-</subfield>
    <subfield code="9">863</subfield>
  </datafield>
  <datafield tag="245" ind1="1" ind2="0">
    <subfield code="a">Historia de las civilizaciones /</subfield>
    <subfield code="c">Juan Col&#xF3;n; colaboraci&#xF3;n Luisa Navarro.</subfield>
  </datafield>
  <datafield tag="250" ind1=" " ind2=" ">
    <subfield code="a">8va ed.</subfield>
  </datafield>
  <datafield tag="260" ind1=" " ind2=" ">
    <subfield code="a">Santo Domingo :</subfield>
    <subfield code="b">Editorial Educando</subfield>
    <subfield code="f">Alfa y Omega</subfield>
    <subfield code="c">2000.</subfield>
  </datafield>
  <datafield tag="300" ind1=" " ind2=" ">
    <subfield code="a">[157 p.] :</subfield>
    <subfield code="b">il., maps. retr. ;</subfield>
    <subfield code="c">29 cm.</subfield>
  </datafield>
  <datafield tag="500" ind1=" " ind2=" ">
    <subfield code="a">Incluye datos biogr&#xE1;ficos del autor en la contraportada</subfield>
  </datafield>
  <datafield tag="505" ind1="2" ind2=" ">
    <subfield code="a">Pr&#xF3;logo -- Metodolog&#xED;a general de las ciencias sociales -- Historia de las civilizaciones -- Egipto -- Mesopotamia (hoy Irak) -- Persia o Ir&#xE1;n-- Fenicia -- Los Hebreos -- La India -- China -- Grecia -- Esparta y Atenas -- Roma -- El critianismo -- La edad Media -- Arabia -- El feudalismo -- El Imperio Carolingio -- El imperio Bizantino -- Las cruzadas -- Grandes cambios de fines de la edad media -- El renacimiento -- Los grandes inventos, los escubrimientos geogr&#xE1;ficos -- Transformaci&#xF3;n pol&#xED;tico social de Europa en la edad moderna. La monarque&#xED;a absoluta y la burgues&#xED;a , econom&#xED;a y comercio-- La reforma religiosa -- La conquista de Am&#xE9;rica y la preponderancia espa&#xF1;ola en el siglo xvi -- La revoluci&#xF3;n inglesa -- La ilustraci&#xF3;n y la nuevas ideas pol&#xED;ticas, econ&#xF3;micas y sociales. El enciclopedismo. El despotismo ilustrados. Difusi&#xF3;n en Am&#xE9;rica</subfield>
  </datafield>
  <datafield tag="505" ind1="2" ind2=" ">
    <subfield code="a">La independecia de los Estados Unidos de Am&#xE9;rica -- La &#xE9;poca contempor&#xE1;nea -- La revoluci&#xF3;n francesa. Causas -- Absolutismo y liberalismo en Europa -- La revoluci&#xF3;n industrial. Consecuencias sociales, econ&#xF3;micas y pol&#xED;ticas -- El arte de los siglos xvii, y xix, barroco, rococ&#xF3;, neoclacismo y romanticismo, realismo e impresionalismo -- La primera guerra mundial. Antecedentes y causas del conflixto -- El Fascismo y el Nazismo -- La segunda guerra mundial -- La liberaci&#xF3;n de los pueblos de Asia, &#xC1;fricay Ocean&#xED;a y nacimiento de nuevos pa&#xED;ses -- La cultura, las ciencias y el avance tecnol&#xF3;gico. Desarrollo de las comunicaciones y conquista del espacio -- Ca&#xED;da del Bloque Sovi&#xE9;tico -- La guerra del golfo p&#xE9;rcico</subfield>
  </datafield>
  <datafield tag="650" ind1=" " ind2="4">
    <subfield code="a">Civilizaci&#xF3;n</subfield>
    <subfield code="x">Historia</subfield>
    <subfield code="9">4894</subfield>
  </datafield>
  <datafield tag="650" ind1=" " ind2="0">
    <subfield code="a">Historia universal</subfield>
    <subfield code="9">933</subfield>
  </datafield>
  <datafield tag="700" ind1="1" ind2=" ">
    <subfield code="a">Navarro, Luisa</subfield>
    <subfield code="9">11168</subfield>
  </datafield>
  <datafield tag="049" ind1=" " ind2=" ">
    <subfield code="a">BNPD</subfield>
  </datafield>
  <datafield tag="952" ind1=" " ind2=" ">
    <subfield code="0">0</subfield>
    <subfield code="1">0</subfield>
    <subfield code="7">1</subfield>
    <subfield code="8">PD</subfield>
    <subfield code="a">PD</subfield>
    <subfield code="b">PD</subfield>
    <subfield code="c">CT</subfield>
    <subfield code="d">2011-03-24</subfield>
    <subfield code="i">LF1</subfield>
    <subfield code="l">0</subfield>
    <subfield code="o">901.9 C719h</subfield>
    <subfield code="p">26735-10</subfield>
    <subfield code="r">2020-06-25</subfield>
    <subfield code="w">2020-06-25</subfield>
    <subfield code="y">LFPD</subfield>
    <subfield code="Z">No se presta</subfield>
  </datafield>
  <datafield tag="999" ind1=" " ind2=" ">
    <subfield code="c">26227</subfield>
    <subfield code="d">26227</subfield>
  </datafield>
</record>
